000 00506nam a2200169Ia 4500
003 GCL
008 140319s9999 xx 000 0 ara d
040 _aGCL /
_cGCL
082 0 4 _a339.4
_bض ن
100 1 _aضياء مجيد الموسوى
245 1 0 _aالنظرية الاقتصادية: التحليل الاقتصادى الكلى /
_cضياء مجيد الموسوى
300 _a385 ص
490 _a
650 0 4 _aالاقتصاد الكلى
650 0 4 _aالاقتصاد
942 _2ddc
_cBK
999 _c41328
_d41328